000
00325 a2200157 4500
001
185222
020
_a
85-7503-130-9
040
_c
Magnum
100
_a
Lalau
240
1
0
_a
Novos brasileirinhos
_l
por
245
1
0
_a
Novos brasileirinhos
300
_a
36
362
0
_a
2002
697
_a
LITERATURA INFANTIL
942
_c
BK
999
_c
185222
_d
185222